000 00436nam a2200145Ia 4500
005 20240814120903.0
008 240813s9999||||xx |||||||||||||| ||und||
082 _a370.58 NAT (R-Y)
100 _aHenry, Nelson B.
245 0 _aFifty - second yearbook of the national society for the study of education
260 _aChicago
_bNational Society for the Study of Education
_c1953
300 _a292p.
650 _aEducation
942 _cBK
999 _c17079
_d17079